Musical Duos - Sudden Death - Statistics

General Stats
  • This quiz has been taken 104 times
  • The average score is 6 of 20
Answers on the Grid
Answers color-coded by a green-red scale on the quiz's grid according to % correct below.
TLC
Everything But The Girl
Simon & Garfunkel
The Last Dinner Party
Blue Carousel
Eurythmics
The White Stripes
Shampoo
Elastica
t.A.T.u.
Pet Shop Boys
Daft Punk
Spice Girls
The Everly Brothers
Backstreet Boys
The Carpenters
MGMT
Salt-N-Pepa
Roxette
Robson and Jerome
Yazoo
Genesis
Outkast
NewJeans
Dollar
Mel and Kim
Savage Garden
Marilyn Manson
Air
Tegan and Sara
 
Answer Stats
Answer % Correct
Simon & Garfunkel
83%
Eurythmics
67%
Daft Punk
51%
The White Stripes
51%
The Everly Brothers
48%
Pet Shop Boys
47%
The Carpenters
39%
t.A.T.u.
36%
Mel and Kim
27%
Robson and Jerome
25%
Roxette
25%
Tegan and Sara
25%
Everything But The Girl
20%
Outkast
19%
MGMT
16%
Dollar
12%
Savage Garden
11%
Yazoo
9%
Air
8%
Shampoo
8%
No matching quizzes found
Score Distribution
Percent of People with Each Score
Percentile by Number Answered
Your Score History
You have not taken this quiz